Javaslat a felsöoktatásban dolgozó oktatok - bérezésére.

Príprava zákona o vysokom školstve a akadémii. Nedostatky, ktoré stále pretrvávajú vo vysokoškolskom vzdelávaní a výskume na vysokých školách. Odmeňovanie učiteľov v jednotlivých kategóriách, porovnanie so svetom. Mzda a zárobok, odmeňovanie podľa odslúžených rokov. Štatistické údaje o súčasnom stav...

ver descrição completa

Na minha lista:
Detalhes bibliográficos
Autor principal: Sutus, I.
Formato: Capítulo de Livro
Idioma:húngaro
Assuntos:
Tags: Adicionar Tag
Sem tags, seja o primeiro a adicionar uma tag!

MARC

LEADER 00000naa a2200000 4500
001 r005855
005 20221125113851.0
041 0 |a hun 
044 |a HU 
245 1 0 |a Javaslat a felsöoktatásban dolgozó oktatok - bérezésére.  |c I. Sutus 
520 |a Príprava zákona o vysokom školstve a akadémii. Nedostatky, ktoré stále pretrvávajú vo vysokoškolskom vzdelávaní a výskume na vysokých školách. Odmeňovanie učiteľov v jednotlivých kategóriách, porovnanie so svetom. Mzda a zárobok, odmeňovanie podľa odslúžených rokov. Štatistické údaje o súčasnom stave, porovnanie s niektorými profesiami v Maďarsku. 
610 2 0 |a školy vysoké 
610 2 0 |a učitelia 
610 2 0 |a mzdy 
610 2 0 |a údaje štatistické 
610 2 0 |a MR 
100 1 |a Sutus, I.